01163cam a22002531 450000100060000000300080000600500170001400800390003103500190007004000320008904100080012108200210012910000610015024502140021126000600042530000570048550400200054260000750056261000570063765100560069494200120075099900170076295201300077926369BD-RjUL20211209051016.0140322r19681939nyuabc 001 0 eng a(BD-RjUL)26439 aDLCcDLCdDLCdBD-RjULbeng aeng00a955.05bSHS 19681 aShuster, W. Morganq(William Morgan),d1877-1960.98108314aThe strangling of Persia :bstory of the European diplomacy and oriental intrigue that resulted in the denationalization of twelve million Mohammedans, a personal narrative /cIllustrated with photos. and map. aNew York :bGreenwood Press,c c1939 [reprinting 1968]. alxiii, 423 p. :billus., fold. map, ports. ;c22 cm. aincludes index.10aShuster, W. Morganq(William Morgan),d1877-1960xTravelzIran.98108820aAmerican Financial Mission (1911-1912 : Iran)981089 0aIranxPolitics and governmenty20th century.981086 2ddccBK c26369d26369 00102ddc40708NFICaRUCLbRUCLcStackd1971-07-18eN/Ag0.00l0o955.05 SHS 1968r2014-03-22 00:00:00tC-3w2021-12-09yBK